qui joue avec qui dans ce film? - Statistiques

Statistiques générales
  • Ce quiz a été pris 109 fois
  • Le résultat moyen est 6 sur 20
Statistiques - réponses
Film acteur Partenaire % Correct
le chat simone signoret jean gabin
74%
l'été meurtrier isabelle adjani alain souchon
66%
fenêtre sur cour james stewart grace kelly
56%
le mexicain brad pitt julia roberts
44%
hotel des amériques patrick dewaere catherine deneuve
40%
liaison fatale michael douglas glenn close
39%
la belle noiseuse emmanuelle beart michel piccoli
36%
autant en emporte le vent clark gable vivian leigh
36%
knight and day tom cruise cameron diaz
33%
ma loute juliette binoche fabrice luchini
28%
voyage au bout de l'enfer robert de niro christopher walken
25%
melancholia charlotte gainsbourg kirsten dunst
24%
mademoiselle chambon sandrine kiberlain vincent lindon
23%
une nouvelle amie anais demoustier romain duris
20%
l'important c'est d'aimer romy schneider jacques dutronc
14%
sailor et lula nicolas cage laura dern
14%
in the mood for love maggie cheung tony leung
11%
masculin féminin jean pierre leaud chantal goya
9%
a l'est d'eden james dean elizabeth taylor
8%
mon homme anouk grinberg gerard lanvin
6%
Aucun quiz correspondant
Distribution des résultats
% des personnes avec chaque résultat
Percentile par nombre de réponses
Votre historique - résultats
Vous n’avez pas pris ce quiz